NBA 75th Anniversary - Statistics

General Stats
  • This quiz has been taken 47 times
  • The average score is 52 of 76
Answer Stats
Hint Team Answer % Correct
3 Bucks, Lakers Kareem Abdul-Jabbar
100%
2 Cavaliers, Heat, Lakers Lebron James
100%
1 Bulls, Wizards Michael Jordan
100%
16 Warriors Stephen Curry
100%
12 Supersonics, Thunder, Warriors, Nets, Suns Kevin Durant
97%
10 Lakers Kobe Bryant
97%
7 Celtics Larry Bird
97%
4 Lakers Magic Johnson
97%
11 Magic, Lakers, Heat, Suns, Cavaliers, Celtics Shaquille O'Neal
97%
8 Spurs Tim Duncan
97%
5 Warriors, 76ers, Lakers Wilt Chamberlain
97%
13 Rockets, Raptors Hakeem Olajuwon
95%
6 Celtics Bill Russell
92%
17 Mavericks Dirk Nowitzki
90%
19 Lakers Jerry West
90%
24 Jazz John Stockton
90%
21 Timberwolves, Celtics, Nets Kevin Garnett
90%
18 Bucks Giannis Antetokounmpo
87%
14 76ers, Nets Julius Erving
87%
23 Jazz, Lakers Karl Malone
87%
15 Braves, Rockets, 76ers, Bullets, Hawks, Bucks, Spurs Moses Malone
87%
29 Hornets, Clippers, Rockets, Thunder, Suns, Wizards, Warriors Chris Paul
85%
25 Spurs David Robinson
85%
27 Pistons Isiah Thomas
85%
9 Royals, Bucks Oscar Robertson
85%
22 76ers, Suns, Rockets Charles Barkley
82%
30 Heat, Bulls, Cavaliers Dwyane Wade
82%
50 Thunder, Rockets, Nets, 76ers, Clippers James Harden
82%
37 Suns, Mavericks, Lakers Steve Nash
79%
31 76ers, Nuggets, Pistons, Grizzlies Allen Iverson
77%
67 Pistons, Spurs, Bulls, Lakers, Mavericks Dennis Rodman
77%
68 Thunder, Rockets, Wizards, Lakers, Clippers Russell Westbrook
77%
69 Nuggets, Knicks, Thunder, Rockets, Trailblazers, Lakers Carmelo Anthony
74%
42 Supersonics, Bucks, Lakers, Celtics, Heat Gary Payton
74%
47 Bucks, Supersonics, Celtics, Heat Ray Allen
74%
51 Pacers Reggie Miller
74%
32 Bulls, Rockets, Trailblazers Scottie Pippen
74%
71 Hornets, Pelicans, Lakers Anthony Davis
72%
43 Mavericks, Suns, Nets, Knicks Jason Kidd
72%
33 Spurs, Raptors, Clippers Kawhi Leonard
72%
62 Celtics, Nets, Wizards, Clippers Paul Pierce
72%
40 Knicks, Supersonics, Magic Patrick Ewing
69%
53 Trailblazers, Rockets Clyde Drexler
67%
36 Hawks, Clippers, Spurs, Magic Dominique Wilkins
67%
34 Celtics, Royals Bob Cousy
64%
35 Hawks Bob Pettit
64%
20 Lakers Elgin Baylor
64%
39 Celtics Kevin Mchale
64%
44 Trailblazers, Clippers, Celtics Bill Walton
62%
45 Braves, Knicks, Celtics, Pistons, Nets, Lakers, 76ers Bob McAdoo
62%
75 Trailblazers, Bucks Damian Lillard
62%
65 Hawks, Supersonics, Cavaliers, Trailblazers Lenny Wilkens
62%
28 Lakers George Mikan
59%
26 Celtics John Havlicek
59%
63 Warriors, Celtics, Hornets, Bulls Robert Parish
59%
48 Bullets Wes Unseld
59%
56 Lakers James Worthy
56%
41 Knicks, Cavaliers Walt Frazier
56%
58 Rockets, Bullets Elvin Hayes
51%
38 Warriors, Rockets, Oaks, Capitols, Nets Rick Barry
51%
52 Spurs, Bulls George Gervin
49%
57 Knicks Willis Reed
49%
70 Nationals, 76ers Dolph Schayes
46%
60 Celtics Sam Jones
46%
61 Celtics, Bucks Dave Cowens
44%
54 Hawks, Jazz, Celtics Pete Maravich
44%
66 Warriors Paul Arizin
38%
55 Bullets, Knicks Earl Monroe
36%
59 Royals, Kings, Nets, Celtics, Bucks Nate Archibald
31%
49 Warriors, Bulls, Cavalier Nate Thurmond
31%
64 Nationals, 76ers Hal Greer
26%
72 76ers Billy Cunningham
23%
74 Pistons, Bullets, Celtics Dave Bing
23%
73 Pistons, Knicks Dave Debusschere
23%
76 Capitals, Celtics Bill Sharman
21%
46 Royals, Warriors, Knicks Jerry Lucas
18%
No matching quizzes found
Score Distribution
Percent of People with Each Score
Percentile by Number Answered
Your Score History
You have not taken this quiz